<?xml version="1.0" encoding="UTF-8"?><?xml-stylesheet type="text/xsl" href="static/style.xsl"?><OAI-PMH xmlns="http://www.openarchives.org/OAI/2.0/" xmlns:xsi="http://www.w3.org/2001/XMLSchema-instance" xsi:schemaLocation="http://www.openarchives.org/OAI/2.0/ http://www.openarchives.org/OAI/2.0/OAI-PMH.xsd"><responseDate>2026-04-27T13:09:06Z</responseDate><request verb="GetRecord" identifier="oai:uvadoc.uva.es:10324/31346" metadataPrefix="marc">https://uvadoc.uva.es/oai/request</request><GetRecord><record><header><identifier>oai:uvadoc.uva.es:10324/31346</identifier><datestamp>2024-12-18T10:55:41Z</datestamp><setSpec>com_10324_23459</setSpec><setSpec>com_10324_954</setSpec><setSpec>com_10324_894</setSpec><setSpec>col_10324_23460</setSpec></header><metadata><record xmlns="http://www.loc.gov/MARC21/slim" xmlns:doc="http://www.lyncode.com/xoai" xmlns:xsi="http://www.w3.org/2001/XMLSchema-instance" xmlns:dcterms="http://purl.org/dc/terms/" xsi:schemaLocation="http://www.loc.gov/MARC21/slim http://www.loc.gov/standards/marcxml/schema/MARC21slim.xsd">
<leader>00925njm 22002777a 4500</leader>
<datafield tag="042" ind1=" " ind2=" ">
<subfield code="a">dc</subfield>
</datafield>
<datafield tag="720" ind1=" " ind2=" ">
<subfield code="a">Mendoza Laíz, Nuria</subfield>
<subfield code="e">author</subfield>
</datafield>
<datafield tag="720" ind1=" " ind2=" ">
<subfield code="a">Valle Díaz, Sagrario del</subfield>
<subfield code="e">author</subfield>
</datafield>
<datafield tag="720" ind1=" " ind2=" ">
<subfield code="a">Rioja Collado, Natalia</subfield>
<subfield code="e">author</subfield>
</datafield>
<datafield tag="720" ind1=" " ind2=" ">
<subfield code="a">Gómez Pilar, Javier</subfield>
<subfield code="e">author</subfield>
</datafield>
<datafield tag="720" ind1=" " ind2=" ">
<subfield code="a">Hornero Sánchez, Roberto</subfield>
<subfield code="e">author</subfield>
</datafield>
<datafield tag="260" ind1=" " ind2=" ">
<subfield code="c">2018</subfield>
</datafield>
<datafield tag="520" ind1=" " ind2=" ">
<subfield code="a">Background - Dementia is a disease that is constantly evolving in older people. Its diverse symptoms appear with varying degrees of severity affecting the daily life of those who suffer from it. The rate in which dementia progresses depends on different aspects of the treatment, chosen to try to control and slow down the development of the illness.  Objective: The aim of this study is to assess the effectiveness of cognitive training through a Brain Computer Interface (BCI) and the NeuronUp platform in two age groups whose MMSE is between 18-23 MCI (mild dementia). &#xd;
Method: 32 subjects took part in the study. There were 22 subjects in Group 1 (61-69 years of age) and 10 subjects in Group 2 (70-81 years of age). The criteria for the selection of the groups was to identify the age range with greater improvements due to the training. In order to estimate neuropsychological performance, the subjects were evaluated with the Luria-DNA neuropsychological battery before and after training. This design enables us to evaluate five cognitive areas: visuospatial, spoken language, memory, intellectual processes and attention. &#xd;
Results: Showed that after the training, Group 1 obtained significant improvements in almost all the variables measured when compared with Group 2. This reveals a significant increase in cognitive ability, which degree of enhancement is probably associated with age.&#xd;
Conclusion: All people with mild dementia may delay cognitive impairment with a suitable cognitive training program.</subfield>
</datafield>
<datafield tag="024" ind2=" " ind1="8">
<subfield code="a">Restorative Neurology and Neuroscience, vol. 36 (2), pp. 207-213</subfield>
</datafield>
<datafield tag="024" ind2=" " ind1="8">
<subfield code="a">http://uvadoc.uva.es/handle/10324/31346</subfield>
</datafield>
<datafield tag="245" ind1="0" ind2="0">
<subfield code="a">Potential benefits of a cognitive training program in MCI</subfield>
</datafield>
</record></metadata></record></GetRecord></OAI-PMH>